[Event "EU-ch 11th"]
[Site "Rijeka"]
[Date "2010.03.06"]
[Round "1"]
[White "Civric, Zdravko"]
[Black "Sulskis, Sarunas"]
[Result "0-1"]
[WhiteElo "2207"]
[BlackElo "2572"]
[PlyCount "71"]
[EventDate "2010.03.06"]
[EventType "swiss"]
[EventRounds "11"]
[EventCountry "CRO"]
[SourceTitle "CBM 136"]
[Source "ChessBase"]
[SourceDate "2010.05.18"]
[SourceVersion "1"]
[SourceVersionDate "2010.05.18"]
[SourceQuality "1"]

1. e4 Nf6 2. e5 Nd5 3. d4 d6 4. Nf3 g6 5. c4 Nb6 6. h3 dxe5 7. Nxe5 Bg7 8. Bf4 c5 9. d5 0-0 10. Nc3 e6 11. d6 N6d7 12. Nxd7 Bxd7 13. Qd2 Nc6 14. Bh6 Bxh6 15. Qxh6 f5 16. h4 Qf6 17. 0-0-0 Rad8 18. Rh3 Nd4 19. Rg3 Be8 20. Bd3 Qg7 21. Qd2 e5 22. h5 e4 23. hxg6 Bxg6 24. Be2 Rxd6 25. Nd5 f4 26. Ra3 b5 27. Rh1 Kh8 28. Rah3 bxc4 29. Bxc4 Qe5 30. Qa5 Rxd5 31. Qxa7 h5 32. Bxd5 Qxd5 33. Qe7 Rf7 34. Qe8+ Kg7 35. Ra3 e3 36. Rd1 0-1

[Event "EU-ch 10th"]
[Site "Budva"]
[Date "2009.03.10"]
[Round "5"]
[White "Civric, Zdravko"]
[Black "Kojovic, Dragan"]
[Result "0-1"]
[WhiteElo "2206"]
[BlackElo "2403"]
[PlyCount "62"]
[EventDate "2009.03.06"]
[EventType "swiss"]
[EventRounds "11"]
[EventCountry "MNE"]
[SourceTitle "CBM 130"]
[Source "ChessBase"]
[SourceDate "2009.05.20"]
[SourceVersion "1"]
[SourceVersionDate "2009.05.20"]
[SourceQuality "1"]

1. Nf3 d6 2. e4 c5 3. d4 cxd4 4. Nxd4 Nf6 5. Nc3 a6 6. Be2 e5 7. Nf3 Be7 8. Bg5 Nbd7 9. a4 b6 10. Nd2 h6 11. Bxf6 Nxf6 12. Nf1 Bb7 13. Bf3 d5 14. Nxd5 Bxd5 15. exd5 e4 16. Be2 Bc5 17. Bc4 0-0 18. Ne3 b5 19. Bb3 Qb6 20. 0-0 Bxe3 21. fxe3 Qxe3+ 22. Kh1 Rad8 23. axb5 axb5 24. Ra6 Qg5 25. Qe2 Rfe8 26. Qxb5 e3 27. Qe2 Re4 28. c4 Ng4 29. Raa1 Nxh2 30. Kxh2 Rh4+ 31. Kg1 Qg3 0-1

[Event "SRB-chT 1st League"]
[Site "Vrnjacka Banja"]
[Date "2007.10.14"]
[Round "6.6"]
[White "Civric, Zdravko"]
[Black "Trickovic, Borivoje"]
[Result "1-0"]
[WhiteElo "2190"]
[BlackElo "2280"]
[PlyCount "77"]
[EventDate "2007.09.08"]
[EventType "team"]
[EventRounds "11"]
[EventCountry "SRB"]
[SourceTitle "EXT 2012"]
[Source "ChessBase"]
[SourceDate "2011.11.24"]
[SourceVersion "1"]
[SourceVersionDate "2011.11.24"]
[SourceQuality "1"]
[WhiteTeam "Sloboda Uzice"]
[BlackTeam "Progres"]
[WhiteTeamCountry "SRB"]
[BlackTeamCountry "SRB"]

1. e4 Nf6 2. e5 Nd5 3. d4 d6 4. c4 Nb6 5. Nf3 Bg4 6. exd6 exd6 7. Be2 Be7 8. 0-0 0-0 9. Nc3 Nc6 10. b3 Re8 11. Ne4 d5 12. cxd5 Qxd5 13. Nc3 Qa5 14. Bb2 Rad8 15. Na4 Bf6 16. Bc3 Qd5 17. Nxb6 axb6 18. h3 Bh5 19. Rc1 b5 20. Ba1 Qe4 21. Re1 Qf4 22. g3 Qd6 23. g4 Bg6 24. Bxb5 Rxe1+ 25. Qxe1 Nb4 26. a3 Nd3 27. Bxd3 Bxd3 28. Ne5 Ba6 29. a4 Bg5 30. Rd1 Qd5 31. Qc3 Bf4 32. Re1 f6 33. Nd3 Bd6 34. Nb4 Bxb4 35. Qxb4 b6 36. Re7 Qf3 37. Qc3 Qxc3 38. Bxc3 Rc8 39. f4 1-0

[Event "SRB-chT 1st League"]
[Site "Vrnjacka Banja"]
[Date "2007.09.16"]
[Round "2.2"]
[White "Adzic, Momcilo"]
[Black "Civric, Zdravko"]
[Result "1/2-1/2"]
[WhiteElo "2248"]
[BlackElo "2190"]
[PlyCount "162"]
[EventDate "2007.09.08"]
[EventType "team"]
[EventRounds "11"]
[EventCountry "SRB"]
[SourceTitle "EXT 2012"]
[Source "ChessBase"]
[SourceDate "2011.11.24"]
[SourceVersion "1"]
[SourceVersionDate "2011.11.24"]
[SourceQuality "1"]
[WhiteTeam "Trepca"]
[BlackTeam "Sloboda Uzice"]
[WhiteTeamCountry "SRB"]
[BlackTeamCountry "SRB"]

1. e4 c5 2. Nf3 Nc6 3. d4 cxd4 4. Nxd4 e5 5. Nf3 Nf6 6. Bc4 Bb4+ 7. c3 Be7 8. 0-0 0-0 9. Re1 a6 10. a4 Qc7 11. Nbd2 Na5 12. Ba2 b5 13. b4 Qxc3 14. bxa5 Qxa1 15. Qc2 Bb7 16. Nb3 Bxe4 17. Nxa1 Bxc2 18. Nxc2 d6 19. axb5 axb5 20. Bd2 Bd8 21. Ra1 Ra7 22. Ne3 Ne4 23. Be1 g6 24. Bd5 Nc5 25. Bb4 Kg7 26. Nxe5 dxe5 27. Bxc5 Rxa5 28. Bxf8+ Kxf8 29. Rxa5 Bxa5 30. Bc6 b4 31. Ba4 Bb6 32. Bb3 f5 33. Nd5 Bc5 34. Kf1 e4 35. Ke2 Kg7 36. h3 g5 37. f3 exf3+ 38. Kxf3 h5 39. h4 gxh4 40. Nf4 Bd6 41. Nh3 Kf6 42. Ke3 Be5 43. Kd3 Bc3 44. Bd1 Kg6 45. Kc4 Kh6 46. Kd5 Bd2 47. Ke6 f4 48. Kf6 Bc3+ 49. Kf5 Bd2 50. Bc2 Be3 51. Ke5 Bd2 52. Kd4 Be3+ 53. Kc4 Bd2 54. Bf5 Kg7 55. Ng1 Kf6 56. Bh3 Be1 57. Nf3 Bc3 58. Nxh4 Ke5 59. Kd3 Kd5 60. Nf3 Be5 61. Nd2 Bf6 62. Nb3 Be5 63. Bc8 Bc3 64. Bb7+ Ke5 65. Na5 Kf5 66. Bc8+ Ke5 67. Nc4+ Kd5 68. Na5 Ke5 69. Bb7 Kf5 70. Bc8+ Ke5 71. Nc4+ Kd5 72. Bd7 Be1 73. Na5 Bc3 74. Bc6+ Ke5 75. Nc4+ Kf5 76. Bd7+ Kg5 77. Nd6 Kf6 78. Ne4+ Ke5 79. Nxc3 bxc3 80. Bc6 h4 81. Kxc3 h3 1/2-1/2